|
|
|
|
| LEADER |
00854cam a2200229 7i4500 |
| 001 |
0000036369 |
| 005 |
20230615090000.0 |
| 008 |
100902 eng |
| 020 |
|
|
|a 97805349314141
|
| 020 |
|
|
|a 0534931413 (hbk.)
|
| 040 |
|
|
|a OhCoOLI
|
| 090 |
0 |
0 |
|a QH323.5
|b .R68 1998
|
| 100 |
1 |
|
|a Rao, P. V
|
| 245 |
1 |
0 |
|a Statistical research methods in the life sciences
|c P.V. Rao.
|
| 260 |
|
|
|a Pacific Grove, CA:
|b Duxbury Press,
|c 1998.
|
| 300 |
|
|
|a xiv, 889 p.:
|b ill.;
|c 24 cm.
|
| 500 |
|
|
|a Gift: Prof. Madya Haji Zainal Abidin Kidam
|
| 504 |
|
|
|a Includes bibliographical references and index
|
| 650 |
0 |
0 |
|a Life sciences --
|x Statistical methods
|
| 997 |
|
|
|a Communication, Visual Art & Computing, Faculty
|b Computing, Department
|
| 998 |
|
|
|a Mathematics with Statistics, Degree
|
| 999 |
|
|
|a 0000035864
|b BOK
|c OPEN SHELF
|e 2nd Floor, Bestari Jaya
|